000 01317nam a2200241Ia 4500
003 Ost
005 20260507075639.0
008 260507s9999||||xx |||||||||||||| ||und||
040 _cfsecg
041 _aara
082 _a332.46
100 _aعطون، مروان
_eمؤلف
245 0 _aأزمات الذهب في العلاقات النقدية الدولية /
_c مروان عطون
260 _aعين مليلة:
_bدار الهدى,
_c[د.ت.]
300 _a254 صفحة؛
_c24 سم
504 _aالمراجع ص.245
520 _aظهور وتطور النقود ،الأنظمة النقدية المعدنية ،تطور دور الذهب في الأنظمة النقدية الحديثة،النظام النقدي الورقي،خصائص تطور الأنظمة النقدية،الذهب والدولار في النظام النقدي الدولي،حقوق السحب الخاصة،نشاط صندوق النقد الدولي ونظام حقوق السحب، العرض والطلب ،الأهمية النسبية للذهب،مشكلة الذهب في العلاقات النقدية.
653 _aالأزمات
653 _aالعلاقات الاقتصادية الدولية
653 _aالنظام النقدي الدولي
653 _aالنقود
942 _cكتاب
999 _c45368
_d45368